| 000 | 00393nam a2200145Ia 4500 | ||
|---|---|---|---|
| 008 | 150201s2002 xx 000 0 und d | ||
| 082 |
_a616.07 _bH2002S |
||
| 100 | _aALAN STEVENS | ||
| 245 | _aWHEATERS BASIC HISTOPATHOLOGY : A COLOUR ATLAS AND TEXT | ||
| 250 | _a4TH | ||
| 260 |
_bCHURCHILL LIVINGSTONE _aEDINBURGH _c2002 |
||
| 300 | _a1-295 | ||
| 650 | _aORAL PATHOLOGY | ||
| 942 |
_2ddc _cBK _01 |
||
| 999 |
_c2786 _d2786 |
||